[Event "RUS Cup Final Men 2019"]
[Site "Khanty-Mansiysk"]
[Date "2019.12.08"]
[Round "2.2"]
[White "Goganov, Aleksey"]
[Black "Sjugirov, Sanan"]
[Result "0-1"]
[WhiteElo "2581"]
[BlackElo "2665"]
[Annotator "ChessBase"]
[PlyCount "78"]
[EventDate "2019.12.05"]
[EventType "k.o."]
[EventCountry "RUS"]
[SourceTitle "playchess.com"]
[Source "ChessBase"]
[SourceQuality "1"]
[TimeControl "5400+30"]

1. d4 {[%emt 0:00:00]} Nf6 {[%emt 0:00:00]} 2. c4 {[%emt 0:00:00]} e6 {[%emt 0:00:02]} 3. Nf3 {[%emt 0:00:00]} d5 {[%emt 0:00:31]} 4. Nc3 {[%emt 0:00:00]} Nbd7 {[%emt 0:00:59]} 5. Bf4 {[%emt 0:00:46]} Bb4 {[%emt 0:05:14]} 6. cxd5 {[%emt 0:08:30]} exd5 {[%emt 0:00:52]} 7. e3 {[%emt 0:00:04]} Ne4 {[%emt 0:00:11]} 8. Qb3 {[%emt 0:19:03]} c5 {[%emt 0:06:14]} 9. Rc1 {[%emt 0:02:04]} Qa5 {[%emt 0:19:26]} 10. a3 {[%emt 0:05:21]} Bxc3+ {[%emt 0:01:00]} 11. bxc3 {[%emt 0:00:10]} O-O {[%emt 0:12:01]} 12. Be2 {[%emt 0:10:41]} Nb6 {[%emt 0:05:52]} 13. dxc5 {[%emt 0:02:37]} Qxc5 {[%emt 0:00:42]} 14. O-O {[%emt 0:03:16]} Be6 {[%emt 0:01:33]} 15. Qb4 {[%emt 0:08:04]} Rfc8 {[%emt 0:04:12]} 16. Be5 {[%emt 0:00:33]} Qxb4 {[%emt 0:15:31]} 17. cxb4 {[%emt 0:00:31]} Nc4 {[%emt 0:00:33]} 18. Bxc4 {[%emt 0:00:12]} dxc4 {[%emt 0:00:20]} 19. Nd4 {[%emt 0:00:06]} Bd7 {[%emt 0:02:37]} 20. f3 {[%emt 0:01:21]} f6 {[%emt 0:01:39]} 21. fxe4 {[%emt 0:04:32]} fxe5 {[%emt 0:00:05]} 22. Nf5 {[%emt 0:00:03]} Bxf5 {[%emt 0:00:41]} 23. Rxf5 {[%emt 0:00:54]} a5 {[%emt 0:00:11]} 24. Rxe5 {[%emt 0:01:04]} axb4 {[%emt 0:00:05]} 25. axb4 {[%emt 0:00:03]} Ra2 {[%emt 0:02:20]} 26. Rc5 {[%emt 0:07:17]} Rd8 {[%emt 0:00:11]} 27. R5xc4 {[%emt 0:12:21]} Rdd2 {[%emt 0:00:17]} 28. Rc8+ {[%emt 0:00:51]} Kf7 {[%emt 0:00:04]} 29. R8c7+ {[%emt 0:00:03]} Kg6 {[%emt 0:01:11]} 30. Rxb7 {[%emt 0:00:32]} Rxg2+ {[%emt 0:00:14]} 31. Kf1 {[%emt 0:00:11]} Rxh2 {[%emt 0:01:35]} 32. Kg1 {[%emt 0:00:14]} Rag2+ {[%emt 0:00:53]} 33. Kf1 {[%emt 0:00:03]} Rb2 {[%emt 0:00:12]} 34. Kg1 {[%emt 0:00:16]} h5 {[%emt 0:02:00]} 35. Rc6+ {[%emt 0:02:26]} Kh7 {[%emt 0:00:05]} 36. e5 {[%emt 0:02:15]} Rhg2+ {[%emt 0:02:45]} 37. Kf1 {[%emt 0:01:14]} Rgd2 {[%emt 0:00:17]} 38. Rc1 {[%emt 0:00:36]} h4 {[%emt 0:00:20]} 39. e6 {[%emt 0:01:12]} Rh2 {[%emt 0:00:28]} 0-1

[Event "RUS Cup Final Men 2019"]
[Site "Khanty-Mansiysk"]
[Date "2019.12.08"]
[Round "2.2"]
[White "Pogosyan, Stefan"]
[Black "Volkov, Sergey"]
[Result "1-0"]
[WhiteElo "2459"]
[BlackElo "2578"]
[Annotator "ChessBase"]
[PlyCount "117"]
[EventDate "2019.12.05"]
[EventType "k.o."]
[EventCountry "RUS"]
[SourceTitle "playchess.com"]
[Source "ChessBase"]
[SourceQuality "1"]
[TimeControl "5400+30"]

1. d4 {[%emt 0:00:00]} d5 {[%emt 0:00:00]} 2. c4 {[%emt 0:00:00]} c6 {[%emt 0:00:00]} 3. Nc3 {[%emt 0:00:00]} Nf6 {[%emt 0:00:06]} 4. Nf3 {[%emt 0:00:04]} a6 {[%emt 0:00:10]} 5. g3 {[%emt 0:00:07]} Bf5 {[%emt 0:01:20]} 6. Bg2 {[%emt 0:00:29]} e6 {[%emt 0:00:06]} 7. O-O {[%emt 0:00:11]} Nbd7 {[%emt 0:01:19]} 8. Nh4 {[%emt 0:09:46]} Bg4 {[%emt 0:01:29]} 9. f3 {[%emt 0:13:13]} Bh5 {[%emt 0:00:23]} 10. g4 {[%emt 0:00:06]} Ng8 {[%emt 0:05:48]} 11. gxh5 {[%emt 0:13:13]} Qxh4 {[%emt 0:00:17]} 12. cxd5 {[%emt 0:00:18]} cxd5 {[%emt 0:04:35]} 13. e4 {[%emt 0:01:53]} Ngf6 {[%emt 0:03:29]} 14. exd5 {[%emt 0:06:23]} Nxd5 {[%emt 0:01:24]} 15. Nxd5 {[%emt 0:01:32]} exd5 {[%emt 0:00:16]} 16. Qe1+ {[%emt 0:11:41]} Be7 {[%emt 0:00:44]} 17. Qxh4 {[%emt 0:02:14]} Bxh4 {[%emt 0:00:16]} 18. Bf4 {[%emt 0:03:56]} Ke7 {[%emt 0:03:25]} 19. Rac1 {[%emt 0:04:51]} Rhc8 {[%emt 0:00:58]} 20. Bc7 {[%emt 0:04:53]} Nf8 {[%emt 0:02:19]} 21. f4 {[%emt 0:06:03]} Ne6 {[%emt 0:02:10]} 22. Bb6 {[%emt 0:00:04]} Rxc1 {[%emt 0:01:12]} 23. Rxc1 {[%emt 0:00:22]} Nxf4 {[%emt 0:00:07]} 24. Rc7+ {[%emt 0:02:17]} Kd6 {[%emt 0:27:12]} 25. Rxf7 {[%emt 0:00:24]} Nxg2 {[%emt 0:00:10]} 26. Kxg2 {[%emt 0:00:17]} Kc6 {[%emt 0:00:07]} 27. Bc5 {[%emt 0:08:52]} Rg8 {[%emt 0:09:14]} 28. Kh3 {[%emt 0:01:56]} Bg5 {[%emt 0:01:04]} 29. Bf8 {[%emt 0:00:16]} g6 {[%emt 0:05:55]} 30. h6 {[%emt 0:00:37]} Be3 {[%emt 0:00:34]} 31. Bg7 {[%emt 0:00:35]} Re8 {[%emt 0:00:43]} 32. Kg3 {[%emt 0:06:07]} b5 {[%emt 0:02:21]} 33. b3 {[%emt 0:00:38]} b4 {[%emt 0:00:34]} 34. h4 {[%emt 0:01:05]} a5 {[%emt 0:00:10]} 35. Ra7 {[%emt 0:02:18]} Kb6 {[%emt 0:00:31]} 36. Rd7 {[%emt 0:00:07]} Kc6 {[%emt 0:00:05]} 37. Rf7 {[%emt 0:00:05]} Kb6 {[%emt 0:00:41]} 38. Be5 {[%emt 0:00:54]} Bxh6 {[%emt 0:00:08]} 39. Rxh7 {[%emt 0:00:02]} Bd2 {[%emt 0:02:29]} 40. Rd7 {[%emt 0:00:12]} Be1+ {[%emt 0:00:54]} 41. Kg4 {[%emt 0:00:19]} Rc8 {[%emt 0:00:20]} 42. Rd6+ {[%emt 0:00:48]} Kb7 {[%emt 0:00:04]} 43. Rxg6 {[%emt 0:01:30]} Rc2 {[%emt 0:00:24]} 44. h5 {[%emt 0:00:08]} Bd2 {[%emt 0:00:29]} 45. h6 {[%emt 0:01:05]} Bxh6 {[%emt 0:00:02]} 46. Rxh6 {[%emt 0:00:05]} Rxa2 {[%emt 0:00:02]} 47. Kf5 {[%emt 0:00:49]} Ra3 {[%emt 0:00:07]} 48. Ke6 {[%emt 0:00:40]} Rxb3 {[%emt 0:01:13]} 49. Kxd5 {[%emt 0:00:22]} Rc3 {[%emt 0:00:16]} 50. Bd6 {[%emt 0:00:34]} b3 {[%emt 0:00:21]} 51. Bc5 {[%emt 0:00:16]} a4 {[%emt 0:00:24]} 52. Rb6+ {[%emt 0:00:47]} Kc7 {[%emt 0:00:16]} 53. Rb5 {[%emt 0:00:21]} Rc2 {[%emt 0:01:02]} 54. Ba3 {[%emt 0:00:26]} Ra2 {[%emt 0:00:27]} 55. Bd6+ {[%emt 0:00:47]} Kd7 {[%emt 0:00:29]} 56. Rb4 {[%emt 0:00:29]} Kc8 {[%emt 0:00:21]} 57. Ke6 {[%emt 0:00:23]} Re2+ {[%emt 0:00:17]} 58. Be5 {[%emt 0:00:05]} b2 {[%emt 0:00:39]} 59. Rb8# {[%emt 0:00:04]} 1-0

[Event "RUS Cup Final Men 2019"]
[Site "Khanty-Mansiysk"]
[Date "2019.12.08"]
[Round "2.3"]
[White "Kokarev, Dmitry"]
[Black "Chigaev, Maksim"]
[Result "0-1"]
[WhiteElo "2606"]
[BlackElo "2631"]
[Annotator "ChessBase"]
[PlyCount "126"]
[EventDate "2019.12.05"]
[EventType "k.o."]
[EventCountry "RUS"]
[SourceTitle "playchess.com"]
[Source "ChessBase"]
[SourceQuality "1"]
[TimeControl "5400+30"]

1. e4 {[%emt 1:15:14]} e5 {[%emt 1:15:11]} 2. Nf3 {[%emt 0:00:22]} Nc6 {[%emt 0:00:22]} 3. Bb5 {[%emt 0:00:23]} a6 {[%emt 0:00:21]} 4. Ba4 {[%emt 0:00:22]} Nf6 {[%emt 0:00:22]} 5. O-O {[%emt 0:00:24]} Be7 {[%emt 0:00:22]} 6. Re1 {[%emt 0:00:23]} b5 {[%emt 0:00:21]} 7. Bb3 {[%emt 0:00:23]} d6 {[%emt 0:00:22]} 8. a4 {[%emt 0:00:23]} Bg4 {[%emt 0:00:22]} 9. c3 {[%emt 0:00:23]} O-O {[%emt 0:00:23]} 10. h3 {[%emt 0:00:23]} Bh5 {[%emt 0:00:21]} 11. d3 {[%emt 0:00:26]} Na5 {[%emt 0:00:22]} 12. Ba2 {[%emt 0:00:23]} b4 {[%emt 0:00:22]} 13. cxb4 {[%emt 0:00:27]} Nc6 {[%emt 0:00:22]} 14. Bd2 {[%emt 0:00:26]} Bxf3 {[%emt 0:00:45]} 15. Qxf3 {[%emt 0:00:31]} Rb8 {[%emt 0:00:21]} 16. b5 {[%emt 0:00:25]} axb5 {[%emt 0:00:26]} 17. axb5 {[%emt 0:00:57]} Nd4 {[%emt 0:01:08]} 18. Qd1 {[%emt 0:00:23]} Rxb5 {[%emt 0:00:32]} 19. Bc3 {[%emt 0:00:22]} Rb8 {[%emt 0:00:29]} 20. Nd2 {[%emt 0:00:26]} Nb5 {[%emt 0:00:22]} 21. Ba5 {[%emt 0:00:44]} Qd7 {[%emt 0:02:12]} 22. Nc4 {[%emt 0:00:27]} Bd8 {[%emt 0:01:57]} 23. Bd2 {[%emt 0:00:56]} c6 {[%emt 0:00:38]} 24. Bb3 {[%emt 0:05:15]} Bb6 {[%emt 0:01:01]} 25. Bg5 {[%emt 0:00:55]} Kh8 {[%emt 0:01:50]} 26. Ra6 {[%emt 0:03:20]} Bc5 {[%emt 0:00:22]} 27. Bxf6 {[%emt 0:02:17]} gxf6 {[%emt 0:00:22]} 28. Qf3 {[%emt 0:00:21]} Qe7 {[%emt 0:00:24]} 29. Ba4 {[%emt 0:01:10]} Nd4 {[%emt 0:00:22]} 30. Qh5 {[%emt 0:00:22]} Rg8 {[%emt 0:00:52]} 31. Bxc6 {[%emt 0:01:10]} Rg5 {[%emt 0:00:48]} 32. Qd1 {[%emt 0:00:21]} Nxc6 {[%emt 0:02:38]} 33. Rxc6 {[%emt 0:00:23]} Qd7 {[%emt 0:00:21]} 34. Rxc5 {[%emt 0:00:31]} Qxh3 {[%emt 0:01:16]} 35. g3 {[%emt 0:00:35]} Rxg3+ {[%emt 0:01:36]} 36. fxg3 {[%emt 0:00:22]} Qxg3+ {[%emt 0:00:21]} 37. Kf1 {[%emt 0:00:22]} Rg8 {[%emt 0:01:03]} 38. Qd2 {[%emt 0:01:43]} Qh3+ {[%emt 0:01:13]} 39. Ke2 {[%emt 0:00:25]} Rg2+ {[%emt 0:01:40]} 40. Kd1 {[%emt 0:00:21]} Rxd2+ {[%emt 0:00:22]} 41. Kxd2 {[%emt 0:00:22]} dxc5 {[%emt 0:00:21]} 42. Ne3 {[%emt 0:00:23]} h5 {[%emt 0:01:23]} 43. Rf1 {[%emt 0:00:24]} Qh2+ {[%emt 0:00:29]} 44. Ke1 {[%emt 0:00:30]} h4 {[%emt 0:01:40]} 45. Rxf6 {[%emt 0:03:17]} Qg3+ {[%emt 0:01:46]} 46. Ke2 {[%emt 0:00:23]} h3 {[%emt 0:00:39]} 47. Nf1 {[%emt 0:00:58]} Qg4+ {[%emt 0:00:36]} 48. Ke1 {[%emt 0:00:40]} c4 {[%emt 0:00:33]} 49. dxc4 {[%emt 0:00:24]} Qxe4+ {[%emt 0:00:28]} 50. Kd1 {[%emt 0:00:28]} Qxc4 {[%emt 0:01:02]} 51. Rf2 {[%emt 0:01:03]} Qg4+ {[%emt 0:00:35]} 52. Ke1 {[%emt 0:00:25]} f5 {[%emt 0:00:22]} 53. Re2 {[%emt 0:00:38]} Qf4 {[%emt 0:00:51]} 54. b3 {[%emt 0:00:38]} Kg7 {[%emt 0:00:38]} 55. Rh2 {[%emt 0:01:03]} Qb4+ {[%emt 0:00:35]} 56. Kf2 {[%emt 0:00:25]} Qxb3 {[%emt 0:00:31]} 57. Kg1 {[%emt 0:00:30]} Kf6 {[%emt 0:00:27]} 58. Rf2 {[%emt 0:00:23]} f4 {[%emt 0:00:26]} 59. Kh2 {[%emt 0:00:28]} Kf5 {[%emt 0:00:24]} 60. Kg1 {[%emt 0:00:27]} Qb6 {[%emt 0:00:33]} 61. Ng3+ {[%emt 0:00:24]} Kg4 {[%emt 0:00:28]} 62. Nh1 {[%emt 0:00:28]} Qe3 {[%emt 0:00:45]} 63. Kh2 {[%emt 0:00:27]} Qg3+ {[%emt 0:00:24]} 0-1

[Event "RUS Cup Final Men 2019"]
[Site "Khanty-Mansiysk"]
[Date "2019.12.08"]
[Round "2.3"]
[White "Pogosyan, Stefan"]
[Black "Volkov, Sergey"]
[Result "0-1"]
[WhiteElo "2459"]
[BlackElo "2578"]
[Annotator "ChessBase"]
[PlyCount "70"]
[EventDate "2019.12.05"]
[EventType "k.o."]
[EventCountry "RUS"]
[SourceTitle "playchess.com"]
[Source "ChessBase"]
[SourceQuality "1"]
[TimeControl "5400+30"]

1. d4 {[%emt 1:15:11]} d5 2. c4 e6 {[%emt 1:15:34]} 3. Nc3 {[%emt 0:00:45]} c6 {[%emt 0:00:21]} 4. e3 {[%emt 0:00:23]} Bd6 {[%emt 0:00:23]} 5. Bd3 {[%emt 0:00:30]} f5 {[%emt 0:00:23]} 6. Nge2 {[%emt 0:00:33]} Nf6 {[%emt 0:00:23]} 7. f3 {[%emt 0:00:46]} O-O {[%emt 0:00:30]} 8. Qc2 {[%emt 0:00:35]} Na6 {[%emt 0:00:27]} 9. a3 {[%emt 0:00:23]} dxc4 {[%emt 0:00:22]} 10. Bxc4 {[%emt 0:00:21]} b5 {[%emt 0:00:21]} 11. Bb3 {[%emt 0:01:07]} b4 {[%emt 0:00:23]} 12. Na4 {[%emt 0:00:23]} bxa3 {[%emt 0:01:20]} 13. bxa3 {[%emt 0:00:21]} Qc7 {[%emt 0:01:14]} 14. Qxf5 {[%emt 0:02:56]} Kh8 {[%emt 0:00:56]} 15. Qc2 {[%emt 0:00:40]} e5 {[%emt 0:00:25]} 16. Bb2 {[%emt 0:05:31]} Rb8 {[%emt 0:00:58]} 17. Bc4 {[%emt 0:01:31]} exd4 {[%emt 0:01:51]} 18. Nxd4 {[%emt 0:01:59]} Re8 {[%emt 0:00:51]} 19. e4 {[%emt 0:01:57]} Nc5 {[%emt 0:00:48]} 20. Nxc5 {[%emt 0:00:48]} Bxc5 {[%emt 0:00:22]} 21. Nb3 {[%emt 0:00:22]} Bb6 {[%emt 0:00:59]} 22. a4 {[%emt 0:01:17]} a5 {[%emt 0:00:51]} 23. Qc3 {[%emt 0:02:05]} Nd5 {[%emt 0:01:41]} 24. Bxd5 {[%emt 0:01:13]} cxd5 {[%emt 0:00:21]} 25. Rc1 {[%emt 0:00:40]} Qxc3+ {[%emt 0:02:17]} 26. Bxc3 {[%emt 0:00:21]} dxe4 {[%emt 0:00:21]} 27. Bd4 {[%emt 0:00:37]} exf3+ {[%emt 0:01:02]} 28. Kf2 {[%emt 0:00:21]} fxg2 {[%emt 0:00:22]} 29. Rhe1 {[%emt 0:00:40]} Bxd4+ 30. Nxd4 Rb2+ {[%emt 0:03:12]} 31. Kg3 {[%emt 0:01:01]} Rf8 {[%emt 0:00:39]} 32. Rc2 {[%emt 0:00:32]} Rxc2 {[%emt 0:01:10]} 33. Nxc2 {[%emt 0:00:21]} Bb7 {[%emt 0:00:21]} 34. Ne3 {[%emt 0:00:21]} Rf3+ {[%emt 0:00:29]} 35. Kh4 {[%emt 0:00:20]} g5+ {[%emt 0:00:22]} 0-1

[Event "RUS Cup Final Men 2019"]
[Site "Khanty-Mansiysk"]
[Date "2019.12.08"]
[Round "2.4"]
[White "Volkov, Sergey"]
[Black "Pogosyan, Stefan"]
[Result "0-1"]
[WhiteElo "2578"]
[BlackElo "2459"]
[Annotator "ChessBase"]
[PlyCount "136"]
[EventDate "2019.12.05"]
[EventType "k.o."]
[EventCountry "RUS"]
[SourceTitle "playchess.com"]
[Source "ChessBase"]
[SourceQuality "1"]
[TimeControl "5400+30"]

1. d4 {[%emt 1:25:31]} Nf6 2. c4 e6 {[%emt 1:27:01]} 3. Nc3 Bb4 4. e3 {[%emt 0:01:32]} O-O {[%emt 0:01:07]} 5. Nge2 {[%emt 0:00:31]} d5 {[%emt 0:00:33]} 6. a3 {[%emt 0:00:33]} Be7 {[%emt 0:00:32]} 7. Nf4 {[%emt 0:00:35]} c6 {[%emt 0:00:35]} 8. b4 {[%emt 0:00:36]} Bd6 {[%emt 0:00:39]} 9. Bb2 {[%emt 0:00:36]} b6 {[%emt 0:00:43]} 10. c5 {[%emt 0:00:37]} Bc7 {[%emt 0:00:32]} 11. Nd3 {[%emt 0:00:36]} Ba6 {[%emt 0:00:36]} 12. Be2 {[%emt 0:00:41]} Nbd7 {[%emt 0:00:32]} 13. O-O {[%emt 0:00:33]} bxc5 {[%emt 0:00:41]} 14. bxc5 {[%emt 0:00:35]} Bxd3 {[%emt 0:00:31]} 15. Bxd3 e5 16. h3 {[%emt 0:01:23]} Rb8 {[%emt 0:01:01]} 17. Rb1 {[%emt 0:00:32]} Qe7 {[%emt 0:00:39]} 18. Qa4 {[%emt 0:00:33]} e4 {[%emt 0:00:50]} 19. Be2 {[%emt 0:00:36]} Qe6 {[%emt 0:00:30]} 20. Qxa7 {[%emt 0:00:37]} Rfc8 {[%emt 0:00:34]} 21. Qa4 {[%emt 0:00:45]} Ra8 {[%emt 0:00:35]} 22. Qc2 {[%emt 0:00:32]} h5 {[%emt 0:00:31]} 23. Bc1 {[%emt 0:00:34]} Ra7 {[%emt 0:00:32]} 24. Rb3 {[%emt 0:00:35]} h4 {[%emt 0:00:36]} 25. Bd2 {[%emt 0:00:34]} Rca8 {[%emt 0:00:36]} 26. a4 {[%emt 0:00:32]} Ba5 {[%emt 0:00:37]} 27. Ra1 {[%emt 0:00:31]} g5 {[%emt 0:00:38]} 28. Qd1 {[%emt 0:00:32]} Ne8 {[%emt 0:00:46]} 29. Rb2 {[%emt 0:00:36]} f5 {[%emt 0:00:31]} 30. Nb1 {[%emt 0:00:32]} Nef6 {[%emt 0:00:32]} 31. Bxa5 {[%emt 0:00:33]} Rxa5 {[%emt 0:00:31]} 32. Nc3 {[%emt 0:00:32]} f4 {[%emt 0:00:35]} 33. Bg4 {[%emt 0:00:31]} Nxg4 {[%emt 0:00:32]} 34. Qxg4 {[%emt 0:00:32]} Qxg4 {[%emt 0:00:31]} 35. hxg4 {[%emt 0:00:31]} fxe3 {[%emt 0:00:38]} 36. fxe3 {[%emt 0:00:31]} Nf6 {[%emt 0:00:31]} 37. Rb6 {[%emt 0:00:36]} R5a6 {[%emt 0:00:31]} 38. Rf1 {[%emt 0:00:36]} Nxg4 {[%emt 0:00:45]} 39. Rf5 {[%emt 0:00:33]} Nxe3 {[%emt 0:00:39]} 40. Rxg5+ {[%emt 0:00:31]} Kf7 {[%emt 0:00:31]} 41. Rb7+ {[%emt 0:00:33]} Kf6 {[%emt 0:00:31]} 42. Rh5 {[%emt 0:00:38]} Nf5 {[%emt 0:00:32]} 43. Rb6 {[%emt 0:00:49]} Kg6 {[%emt 0:00:33]} 44. Nxd5 {[%emt 0:00:46]} Kxh5 {[%emt 0:00:31]} 45. Nc7 {[%emt 0:00:30]} Rxb6 {[%emt 0:00:40]} 46. cxb6 Rxa4 47. d5 {[%emt 0:01:10]} cxd5 {[%emt 0:01:02]} 48. Nxd5 {[%emt 0:00:31]} Nd6 {[%emt 0:00:31]} 49. Kh2 {[%emt 0:00:40]} Ra3 {[%emt 0:00:30]} 50. Nf4+ {[%emt 0:00:32]} Kg5 {[%emt 0:00:31]} 51. Ne6+ {[%emt 0:00:30]} Kg4 {[%emt 0:00:31]} 52. Nc7 {[%emt 0:00:33]} Rb3 {[%emt 0:00:30]} 53. Nd5 {[%emt 0:00:31]} Nc4 {[%emt 0:00:32]} 54. Nf6+ {[%emt 0:00:31]} Kf5 {[%emt 0:00:31]} 55. Nd5 {[%emt 0:00:31]} Nxb6 {[%emt 0:00:31]} 56. Ne7+ {[%emt 0:00:30]} Kg4 {[%emt 0:00:31]} 57. Ng8 {[%emt 0:00:32]} Nd5 {[%emt 0:00:31]} 58. Nh6+ Kg5 59. Nf7+ {[%emt 0:00:59]} Kf6 {[%emt 0:00:58]} 60. Nd6 {[%emt 0:00:27]} Ke5 {[%emt 0:00:27]} 61. Nc4+ {[%emt 0:00:28]} Kd4 {[%emt 0:00:28]} 62. Nd6 {[%emt 0:00:27]} Ne3 {[%emt 0:00:29]} 63. Kh3 {[%emt 0:00:30]} Rb2 {[%emt 0:00:31]} 64. Kxh4 {[%emt 0:00:30]} Rxg2 {[%emt 0:00:28]} 65. Nb5+ {[%emt 0:00:29]} Ke5 {[%emt 0:00:28]} 66. Na7 {[%emt 0:00:28]} Rc2 {[%emt 0:00:29]} 67. Nb5 {[%emt 0:00:28]} Rc5 {[%emt 0:00:27]} 68. Na7 {[%emt 0:00:29]} Kd4 {[%emt 0:00:29]} 0-1

[Event "RUS Cup Final Men 2019"]
[Site "Khanty-Mansiysk"]
[Date "2019.12.09"]
[Round "3.1"]
[White "Sarana, Alexey"]
[Black "Chigaev, Maksim"]
[Result "1-0"]
[WhiteElo "2663"]
[BlackElo "2631"]
[Annotator "TA"]
[PlyCount "111"]
[EventDate "2019.12.05"]
[EventType "k.o."]
[EventCountry "RUS"]
[SourceTitle "playchess.com"]
[Source "ChessBase"]
[SourceQuality "1"]

{[%evp 27,111,0,2,0,0,0,8,0,0,0,14,0,24,0,26,24,22,13,20,28,23,12,58,45,56,63,71,63,118,116,125,121,131,100,94,97,100,67,91,91,93,92,110,110,110,110,208,205,208,195,171,147,341,323,1141,1141,931,934,868,700,29972,29974,29974,29973,29973,29974,29974,29975,29974,29975,29970,29970,29976,1422,29980,29982,29982,29983,29995,29996,29996,29997,29997,29998,29998,29999]} 1. e4 e5 2. Nf3 Nc6 3. Bb5 a6 4. Ba4 Nf6 5. O-O Be7 6. Re1 b5 7. Bb3 d6 8. c3 O-O 9. h3 Re8 10. d4 Bb7 11. Nbd2 {[%cal Bb1d2,Bd2f1,Bf1g3][%mdl 32]} Bf8 12. d5 Nb8 {[%cal Bc6b8,Bb8d7,Bd7c5,Bc5a4][%mdl 32]} 13. Nf1 Nbd7 14. Ng3 g6 15. a4 {C92: Closed Ruy Lopez: 9...Be6, Karpov and Flohr-Zaitsev Variations} Nc5 16. axb5 axb5 {[#]} 17. Ba2 $146 {The position is equal.} ({Predecessor:} 17. Rxa8 Qxa8 18. Bg5 Bg7 19. Bc2 h6 20. Be3 c6 21. dxc6 {½-½ (23) Brunsek,I (2595)-Reppmann,D (2590) ICCF email 2009}) 17... c6 {aiming for ...cxd5.} 18. b4 Na4 {And now ...cxd5 would win.} 19. dxc6 Bxc6 20. Qd3 Qd7 21. Bg5 $36 {[%mdl 2048] White is more active.} Bg7 22. Bb3 h6 23. Bxf6 Bxf6 24. Nf1 Qb7 25. Qxd6 Kg7 26. Qd3 $1 Rac8 27. Qe3 Ra8 (27... Rc7 $14) 28. h4 $16 h5 29. Ng5 Bxg5 30. Qxg5 {Hoping for Ng3.} f6 31. Qe3 Red8 32. Ng3 Qe7 33. Rad1 Be8 34. Nf1 Bf7 {[#]} 35. Bxf7 $1 Qxf7 36. Rd3 Rac8 (36... Nb2 $16 37. Rxd8 Rxd8) 37. Red1 $18 Rxd3 38. Rxd3 Rc7 {[#]} 39. Qd2 $1 Qc4 $2 (39... Qb3 $16) 40. Ne3 Qxe4 $2 (40... Qe6 41. f3 Ra7) 41. Rd7+ Rxd7 42. Qxd7+ {[%mdl 64] Double Attack} Kh6 43. Qd8 {[%cal Rd8h8]} Qxh4 44. Nd5 Qe4 45. Qf8+ Kg5 46. Qxf6+ Kh6 47. Qf8+ Kg5 48. Qe7+ Kh6 49. Nf6 {[%cal Rf6g8]} Qa8 50. Qf7 (50. g4 $142 hxg4 51. Ne8 Qxe8 52. Qxe8 e4 53. Qxe4 Kh5 54. Qe5+ Kh6 55. Qxb5) 50... Kg5 51. Nh7+ {White mates.} Kh6 52. Nf8 {[%csl Gf8][%cal Rf7g6]} Qe4 53. Ne6 {[%csl Ge6][%cal Rf7g7]} Qe1+ 54. Kh2 {[%csl Ge6][%cal Rf7g7]} h4 55. Qg7+ Kh5 56. Qh7+ {Accuracy: White = 83%, Black = 32%.} 1-0

[Event "RUS Cup Final Men 2019"]
[Site "Khanty-Mansiysk"]
[Date "2019.12.09"]
[Round "3.1"]
[White "Pogosyan, Stefan"]
[Black "Sjugirov, Sanan"]
[Result "1-0"]
[WhiteElo "2459"]
[BlackElo "2665"]
[Annotator "TA"]
[PlyCount "103"]
[EventDate "2019.12.05"]
[EventType "k.o."]
[EventCountry "RUS"]
[SourceTitle "playchess.com"]
[Source "ChessBase"]
[SourceQuality "1"]

{[%evp 19,103,2,0,9,0,17,32,-16,-17,-18,-17,-15,-22,-31,-21,-31,-27,-6,-10,-18,-6,-41,-11,-43,0,0,0,0,-2,-16,29,26,89,83,87,72,77,69,79,69,104,114,186,70,78,78,78,46,36,33,43,41,56,56,56,56,56,56,50,47,159,137,1278,1193,685,660,1270,1218,1114,1029,833,651,29959,29959,29958,29957,29962,29961,29963,29963,29956,29949,29956,29952,12843,12844]} 1. d4 Nf6 2. c4 g6 3. Nc3 Bg7 4. e4 d6 5. Nf3 O-O 6. Be2 Na6 7. O-O e5 8. d5 Nc5 9. Qc2 a5 10. b3 Nh5 11. Bg5 {E94: King's Indian: Classical: 6 Be2 e5 7 0-0: Various Black 7th moves} (11. Re1 f5 12. Nd2 Nf4 13. Bf1 Qg5 14. g3 Qg4 15. Ba3 Nh3+ 16. Bxh3 Qxh3 17. Bxc5 dxc5 18. Qd3 f4 {0-1 (26) Lopez,J (2388)-Agrest,I (2275) chess.com INT 2019}) 11... f6 12. Be3 Nf4 13. Rfe1 {White is slightly better.} (13. Bxc5 $5 dxc5 14. Ne1 $11) 13... Nxe2+ $146 ({Predecessor:} 13... f5 14. Bxc5 dxc5 15. a3 fxe4 16. Nxe4 Bg4 17. Rab1 Nxe2+ 18. Rxe2 Bxf3 19. gxf3 {0-1 (36) Berends,H (1917)-Peetoom,F (1774) DESC email 2002}) 14. Qxe2 b6 15. Nd2 f5 16. f3 f4 17. Bf2 Rf7 18. a3 Bf8 19. b4 Nd7 20. Na4 Qe8 21. c5 Nxc5 22. Nxc5 bxc5 23. bxc5 Ba6 24. Qd1 c6 25. Rc1 Rc8 (25... dxc5 $11 {remains equal.} 26. Bxc5 cxd5) 26. Qa4 $16 cxd5 27. Qxe8 Rxe8 28. exd5 dxc5 $1 29. Bxc5 Bb7 30. Bxf8 Kxf8 {[#]} (30... Rfxf8 $16 {was necessary.} 31. Rc5 Rd8) 31. Rc5 (31. Ne4 $1 $18) 31... Rd7 $14 {[#]} 32. Ne4 $1 {[%cal Re4f6] Nf6 is the strong threat.} Red8 33. Rxa5 {aiming for Nc5.} Rxd5 34. Rxd5 Rxd5 $16 {[%mdl 4096] Endgame KRB-KRN} 35. Nf6 Ra5 {[#]} 36. Rxe5 $1 {[%mdl 512]} Rxa3 (36... Rxe5 37. Nd7+) 37. Nxh7+ Kg8 $1 {Hoping for ...Ra1+.} 38. Ng5 {Black must now prevent h4.} Ra1+ 39. Kf2 Ra2+ (39... Kg7 $14) 40. Re2 Rxe2+ $4 {[%mdl 8192]} (40... Ra4 $16 41. Rd2 Bc6) 41. Kxe2 {KB-KN} Ba6+ 42. Kd2 Bf1 43. Ke1 Ba6 44. Ne6 Kf7 45. Nxf4 g5 46. Ne2 Kg6 47. Kf2 Bc8 48. g4 Bb7 49. Kg3 Ba6 50. Ng1 Bb7 51. h4 gxh4+ 52. Kxh4 {Accuracy: White = 70%, Black = 42%.} 1-0